[Event "Oslo KM"]
[Site "Oslo"]
[Date "2020.??.??"]
[Round "3"]
[White "Jorgensen, Asle"]
[Black "Kellman, Jukka MK"]
[Result "1-0"]
[WhiteElo "1603"]
[BlackElo "1421"]
[PlyCount "115"]
[EventDate "2020.01.13"]
[EventType "swiss"]
[EventRounds "5"]
[EventCountry "NOR"]
[SourceTitle "EXT 2024"]
[Source "ChessBase"]
[SourceDate "2023.10.10"]
[SourceVersion "1"]
[SourceVersionDate "2023.10.10"]
[SourceQuality "1"]

1. e4 c5 2. Nf3 Nc6 3. d4 cxd4 4. Nxd4 e5 5. Nb5 a6 6. Nd6+ Bxd6 7. Qxd6 Qe7 8. Qa3 Qxa3 9. Nxa3 b5 10. Be3 Nge7 11. Be2 0-0 12. 0-0 d5 13. exd5 Nxd5 14. Bc5 Re8 15. c4 bxc4 16. Nxc4 Nf4 17. Bd1 Be6 18. Nd6 Red8 19. Bf3 Bd5 20. Rfd1 Bxf3 21. gxf3 Nd4 22. Bxd4 exd4 23. Nc4 Rac8 24. b3 Rc5 25. Rd2 Rg5+ 26. Kh1 Rg2 27. Ne3 Rg6 28. Rad1 Nh3 29. Nf5 h6 30. Ne7+ Kh7 31. Nxg6 Kxg6 32. Kg2 Nf4+ 33. Kf1 d3 34. Rc1 Rd6 35. Rc4 Kf5 36. Ke1 Re6+ 37. Kd1 g5 38. Rc5+ Kg6 39. b4 Kh5 40. a4 Rb6 41. b5 axb5 42. axb5 Ne6 43. Rd5 Nf4 44. Re5 f6 45. Rc5 Kh4 46. Rb2 Ne2 47. Kd2 Nf4 48. Rc6 Rxc6 49. bxc6 Ne6 50. Kxd3 Kh3 51. Rc2 Nc7 52. Ke2 Kxh2 53. Kf1 h5 54. Rd2 f5 55. Rd7 Nb5 56. c7 Nxc7 57. Rxc7 g4 58. Rh7 1-0

[Event "Oslo KM"]
[Site "Oslo"]
[Date "2020.??.??"]
[Round "4"]
[White "Simonsen, Helge"]
[Black "Jorgensen, Asle"]
[Result "1-0"]
[WhiteElo "1688"]
[BlackElo "1603"]
[PlyCount "65"]
[EventDate "2020.01.13"]
[EventType "swiss"]
[EventRounds "5"]
[EventCountry "NOR"]
[SourceTitle "EXT 2024"]
[Source "ChessBase"]
[SourceDate "2023.10.10"]
[SourceVersion "1"]
[SourceVersionDate "2023.10.10"]
[SourceQuality "1"]

1. e4 d5 2. exd5 Qxd5 3. Nc3 Qd8 4. d4 Nf6 5. Nf3 c6 6. Bd3 Bg4 7. Be3 e6 8. h3 Bh5 9. g4 Bg6 10. Be2 Bd6 11. Ne5 Qc7 12. Qd2 Nd5 13. Nxd5 exd5 14. Nxg6 hxg6 15. 0-0-0 Nd7 16. Kb1 0-0-0 17. c3 Nb6 18. b3 Kb8 19. Bd3 Ka8 20. Ka1 Rc8 21. Qb2 c5 22. dxc5 Bxc5 23. Bxc5 Qxc5 24. Rc1 Qd6 25. Qd2 Rhd8 26. Kb2 Qf6 27. Rhe1 Re8 28. Rxe8 Rxe8 29. Re1 Rxe1 30. Qxe1 a6 31. Qe3 g5 32. Kc2 Qf4 33. Qxb6 1-0

[Event "Oslo Kampen CC-ch"]
[Site "Oslo"]
[Date "2019.01.??"]
[Round "9"]
[White "Jorgensen, Asle"]
[Black "Simonsen, Helge"]
[Result "1-0"]
[WhiteElo "1620"]
[BlackElo "1678"]
[PlyCount "67"]
[EventDate "2019.01.10"]
[EventType "swiss"]
[EventRounds "9"]
[EventCountry "NOR"]
[SourceTitle "EXT 2024"]
[Source "ChessBase"]
[SourceDate "2023.10.10"]
[SourceVersion "1"]
[SourceVersionDate "2023.10.10"]
[SourceQuality "1"]

1. e4 e5 2. f4 d5 3. exd5 e4 4. d3 Nf6 5. dxe4 Nxe4 6. Nf3 Bc5 7. Qe2 Bf5 8. Nc3 Qe7 9. Bd2 Bf2+ 10. Kd1 Bb6 11. Nxe4 Bxe4 12. Qb5+ Nd7 13. Bd3 a6 14. Qc4 Bxf3+ 15. gxf3 0-0 16. c3 Rfe8 17. Kc2 Nc5 18. Rae1 Qd6 19. Be4 Rad8 20. b4 Nxe4 21. fxe4 c6 22. a4 cxd5 23. exd5 f5 24. a5 Rxe1 25. Rxe1 Ba7 26. Re6 Qd7 27. Qb3 Kf7 28. c4 Re8 29. Rxe8 Qxe8 30. Qd3 Qa4+ 31. Kb2 g6 32. d6 Qd7 33. Qd5+ Kf8 34. Qe5 1-0

[Event "Oslo Kampen Autumn"]
[Site "Oslo"]
[Date "2019.??.??"]
[Round "6"]
[White "Linna, Lars"]
[Black "Jorgensen, Asle"]
[Result "1-0"]
[WhiteElo "1557"]
[BlackElo "1637"]
[PlyCount "75"]
[EventDate "2019.09.09"]
[EventType "swiss"]
[EventRounds "7"]
[EventCountry "NOR"]
[SourceTitle "EXT 2024"]
[Source "ChessBase"]
[SourceDate "2023.10.10"]
[SourceVersion "1"]
[SourceVersionDate "2023.10.10"]
[SourceQuality "1"]

1. e4 c5 2. d4 cxd4 3. c3 dxc3 4. Nxc3 Nc6 5. Bc4 e6 6. Nf3 h6 7. 0-0 d6 8. a3 Nf6 9. Qe2 a6 10. Rd1 Qc7 11. b4 b5 12. Ba2 Nxb4 13. Nxb5 axb5 14. axb4 Bd7 15. Bb2 Qb7 16. e5 Qe4 17. Qxe4 Nxe4 18. Bb3 Rc8 19. exd6 Nxd6 20. Ne5 Rc7 21. Ra8+ Ke7 22. Nxd7 Rxd7 23. Bd4 f6 24. Bc5 Kf7 25. Bxd6 Bxd6 26. Rxh8 Rc7 27. g3 Bxb4 28. Rhd8 Rc3 29. R8d7+ Kg6 30. Bxe6 Bc5 31. R1d2 b4 32. Rb7 Rc1+ 33. Kg2 Rb1 34. Rc2 Bd6 35. f4 f5 36. Rc6 Rb2+ 37. Kh3 h5 38. Bf7+ 1-0

[Event "Oslo op"]
[Site "Oslo"]
[Date "2018.09.30"]
[Round "1"]
[White "Jorgensen, Asle"]
[Black "Sousa, Ludy Helsio Paulo"]
[Result "0-1"]
[WhiteElo "1611"]
[BlackElo "2200"]
[PlyCount "50"]
[EventDate "2018.09.30"]
[EventType "swiss"]
[EventRounds "10"]
[EventCountry "NOR"]
[SourceTitle "EXT 2020"]
[Source "ChessBase"]
[SourceDate "2019.10.17"]
[SourceVersion "1"]
[SourceVersionDate "2019.10.17"]
[SourceQuality "1"]

1. d4 Nf6 2. c4 c5 3. d5 e5 4. dxe6 fxe6 5. Nc3 d5 6. cxd5 exd5 7. e3 Nc6 8. Nf3 a6 9. Bd3 Bd6 10. h3 0-0 11. 0-0 Kh8 12. a3 Bc7 13. Ne2 Qe7 14. Nf4 Ne5 15. Bc2 Bd7 16. Re1 Nxf3+ 17. Qxf3 Bxf4 18. Qxf4 Ne4 19. Qc7 Qh4 20. Rf1 Bb5 21. Bxe4 Bxf1 22. Bf3 Be2 23. Qxb7 Bxf3 24. gxf3 Qxh3 25. Qxd5 Rad8 0-1

[Event "EU-ch Seniors 50 18th"]
[Site "Drammen"]
[Date "2018.08.08"]
[Round "5"]
[White "Sielicki, Tomasz"]
[Black "Jorgensen, Asle"]
[Result "1-0"]
[WhiteElo "1956"]
[BlackElo "1628"]
[PlyCount "63"]
[EventDate "2018.08.04"]
[EventType "swiss"]
[EventRounds "9"]
[EventCountry "NOR"]
[SourceTitle "CBM 185 Extra"]
[Source "ChessBase"]
[SourceDate "2018.07.29"]
[SourceVersion "1"]
[SourceVersionDate "2018.07.29"]
[SourceQuality "1"]

1. d4 d5 2. Bg5 c6 3. e3 Qc7 4. Nf3 Nd7 5. Bf4 Qd8 6. c4 e6 7. Nc3 Ngf6 8. h3 dxc4 9. Bxc4 Nd5 10. Bg3 Nxc3 11. bxc3 Nf6 12. 0-0 Bd6 13. Bxd6 Qxd6 14. Qc2 0-0 15. e4 Qc7 16. e5 Nd5 17. Ng5 g6 18. Rac1 b5 19. Bb3 c5 20. Qe4 c4 21. Bd1 Kg7 22. Qh4 Rh8 23. Bf3 h6 24. Ne4 Bb7 25. Nc5 Rab8 26. Bxd5 Bxd5 27. Qf6+ Kh7 28. Na6 Qb7 29. Nxb8 Bxg2 30. Nd7 Qxd7 31. Kxg2 g5 32. Qf3 1-0

[Event "EU-ch Seniors 50 18th"]
[Site "Drammen"]
[Date "2018.08.05"]
[Round "2"]
[White "Jorgensen, Asle"]
[Black "Larsen, Per Magnus"]
[Result "1-0"]
[WhiteElo "1628"]
[BlackElo "1322"]
[PlyCount "107"]
[EventDate "2018.08.04"]
[EventType "swiss"]
[EventRounds "9"]
[EventCountry "NOR"]
[SourceTitle "CBM 185 Extra"]
[Source "ChessBase"]
[SourceDate "2018.07.29"]
[SourceVersion "1"]
[SourceVersionDate "2018.07.29"]
[SourceQuality "1"]

1. e4 e6 2. d4 d5 3. Nd2 Be7 4. g3 Nf6 5. Bg2 0-0 6. e5 Nfd7 7. Nh3 c5 8. c3 cxd4 9. cxd4 f6 10. Nf4 Nb6 11. Bh3 f5 12. 0-0 Bg5 13. Nf3 Bh6 14. b3 Bd7 15. a4 Nc8 16. Ba3 Rf7 17. Nd3 Ne7 18. Nc5 Bc8 19. Ra2 Nbc6 20. Rc2 b6 21. Nd3 Bd7 22. Nb4 Nxb4 23. Bxb4 Rc8 24. Ne1 Rc6 25. f4 a5 26. Ba3 g6 27. Rg2 Bc8 28. g4 Bf8 29. Nf3 Rg7 30. Ng5 h6 31. Nf3 Ba6 32. Re1 Nc8 33. Bc1 Ne7 34. Nh4 Rc3 35. Rg3 Rxg3+ 36. hxg3 Nc6 37. Bf1 Bxf1 38. Rxf1 Qc8 39. Be3 Nb4 40. g5 h5 41. Qe2 Kh7 42. Qb5 Qb8 43. Rc1 Rc7 44. Rxc7+ Qxc7 45. Qe8 Qg7 46. Qxe6 Nc2 47. Bf2 Nxd4 48. Bxd4 Bc5 49. Bxc5 bxc5 50. Qxd5 Qa7 51. Kh2 Qa6 52. Qf7+ Kh8 53. Nxg6+ Qxg6 54. Qxg6 1-0

[Event "Oslo Kampen Autumn"]
[Site "Oslo"]
[Date "2018.??.??"]
[Round "5"]
[White "Kellman, Jukka MK"]
[Black "Jorgensen, Asle"]
[Result "0-1"]
[WhiteElo "1415"]
[BlackElo "1628"]
[PlyCount "122"]
[EventDate "2018.08.27"]
[EventType "swiss"]
[EventRounds "7"]
[EventCountry "NOR"]
[SourceTitle "EXT 2024"]
[Source "ChessBase"]
[SourceDate "2023.10.10"]
[SourceVersion "1"]
[SourceVersionDate "2023.10.10"]
[SourceQuality "1"]

1. d4 d5 2. c4 e6 3. Nc3 Nf6 4. Nf3 Be7 5. Bg5 Nbd7 6. e3 h6 7. Bh4 0-0 8. Bd3 c5 9. 0-0 a6 10. cxd5 exd5 11. Rc1 c4 12. Bb1 b5 13. a3 Bb7 14. Qc2 g5 15. Bg3 Rc8 16. Qf5 Ne4 17. Nxe4 dxe4 18. Bxe4 Bxe4 19. Qxe4 Re8 20. Qf5 Rc6 21. Ne5 Nxe5 22. Bxe5 Qc8 23. Qf3 f6 24. d5 g4 25. Qd1 Rd8 26. Bc3 Rcd6 27. Qc2 Kg7 28. e4 Qb7 29. Qe2 h5 30. f3 Qa7+ 31. Kh1 Qd7 32. Bb4 Rh8 33. Bxd6 Bxd6 34. fxg4 hxg4 35. g3 Bxg3 36. Rf2 Bxf2 37. Qxf2 Qd6 38. Rc2 Qe5 39. Qg2 Rh4 40. Rc3 Qd4 41. Rg3 Qd1+ 42. Qg1 Qxg1+ 43. Kxg1 Kf7 44. Kg2 Ke7 45. Re3 Kd6 46. Re1 Ke5 47. Kg3 Rh3+ 48. Kg2 Rb3 49. Re2 a5 50. Rd2 Kd6 51. Rf2 Ke5 52. Rd2 Kd6 53. Rf2 b4 54. Rxf6+ Kc5 55. axb4+ axb4 56. d6 Rxb2+ 57. Kg3 Rd2 58. e5 c3 59. Rf1 Kc6 60. Rc1 c2 61. Kf4 b3 0-1

[Event "Oslo Kampen CC-ch"]
[Site "Oslo"]
[Date "2017.02.27"]
[Round "4"]
[White "Jorgensen, Asle"]
[Black "Haug, Kjell Martin"]
[Result "0-1"]
[WhiteElo "1398"]
[BlackElo "1542"]
[PlyCount "74"]
[EventDate "2017.02.06"]
[EventType "swiss"]
[EventRounds "9"]
[EventCountry "NOR"]
[SourceTitle "EXT 2024"]
[Source "ChessBase"]
[SourceDate "2023.10.10"]
[SourceVersion "1"]
[SourceVersionDate "2023.10.10"]
[SourceQuality "1"]

1. d4 d5 2. Nf3 Nc6 3. Bf4 e6 4. c4 Nf6 5. Nc3 Bb4 6. e3 h6 7. Bd3 0-0 8. Rc1 Ne7 9. 0-0 c6 10. a3 Bxc3 11. Rxc3 dxc4 12. Bxc4 Nfd5 13. Rd3 Nxf4 14. exf4 Nd5 15. g3 Bd7 16. Ne5 Be8 17. Re1 a5 18. Bb3 Qb6 19. Nc4 Qc7 20. Ne3 Nf6 21. Ng4 Nxg4 22. Qxg4 Rd8 23. f5 exf5 24. Qxf5 Bd7 25. Qg6 Bc8 26. Rf3 Rd7 27. Re4 Kh8 28. Qh5 Re7 29. Ref4 f5 30. g4 Qd6 31. gxf5 Rf6 32. Qh4 c5 33. dxc5 Qd2 34. Rd4 Qc1+ 35. Kg2 Bd7 36. Rd6 Re1 37. Rxf6 Rg1+ 0-1

[Event "Oslo Kampen CC-ch"]
[Site "Oslo"]
[Date "2017.02.13"]
[Round "3"]
[White "Jorgensen, Asle"]
[Black "Ytrestol, Gisle"]
[Result "1-0"]
[WhiteElo "1398"]
[BlackElo "1640"]
[PlyCount "59"]
[EventDate "2017.02.06"]
[EventType "swiss"]
[EventRounds "9"]
[EventCountry "NOR"]
[SourceTitle "EXT 2024"]
[Source "ChessBase"]
[SourceDate "2023.10.10"]
[SourceVersion "1"]
[SourceVersionDate "2023.10.10"]
[SourceQuality "1"]

1. d4 Nf6 2. Nf3 d5 3. c4 c6 4. Bf4 e6 5. Nc3 Be7 6. e3 Nh5 7. Bg3 Nxg3 8. hxg3 Nd7 9. Bd3 Nf6 10. Qc2 h6 11. Ne5 dxc4 12. Bxc4 Nd5 13. a3 Bd6 14. Nf3 Qc7 15. e4 Nxc3 16. Qxc3 Bd7 17. Rc1 Rc8 18. e5 Be7 19. b4 b6 20. Ba6 Rb8 21. d5 exd5 22. e6 Bxe6 23. Qxg7 Rf8 24. Bb5 Kd8 25. Rxc6 Qb7 26. Ne5 f6 27. 0-0 Bd7 28. Nxd7 Qxd7 29. Rfc1 Qf5 30. Rc7 1-0

[Event "Oslo Kampen Autumn"]
[Site "Oslo"]
[Date "2017.??.??"]
[Round "5"]
[White "Ytteborg, Jan Henrik"]
[Black "Jorgensen, Asle"]
[Result "1-0"]
[WhiteElo "1565"]
[BlackElo "1377"]
[PlyCount "67"]
[EventDate "2017.08.28"]
[EventType "swiss"]
[EventRounds "7"]
[EventCountry "NOR"]
[SourceTitle "EXT 2024"]
[Source "ChessBase"]
[SourceDate "2023.10.10"]
[SourceVersion "1"]
[SourceVersionDate "2023.10.10"]
[SourceQuality "1"]

1. e4 g6 2. Bc4 Bg7 3. Nf3 e6 4. 0-0 Nf6 5. Qe2 d6 6. d4 0-0 7. h3 Nc6 8. Bg5 Qe8 9. Nbd2 Nd7 10. c3 Nb6 11. Bb3 d5 12. e5 h6 13. Bf4 Na5 14. Bc2 Bd7 15. Bd3 Rc8 16. b3 c5 17. Rac1 c4 18. bxc4 Naxc4 19. Nb3 Na4 20. Nh2 Qd8 21. Ng4 h5 22. Nh2 Nab6 23. Nf3 a6 24. Bg5 Qe8 25. Nc5 Bc6 26. Nh4 Nd7 27. Nxd7 Bxd7 28. g4 hxg4 29. hxg4 Bb5 30. Qf3 Na3 31. Bxb5 Nxb5 32. Bf6 Na3 33. Qh3 Nc4 34. Nf3 1-0

[Event "Oslo Kampen Autumn op"]
[Site "Oslo"]
[Date "2016.10.31"]
[Round "5"]
[White "Gressli, Kristoffer"]
[Black "Jorgensen, Asle"]
[Result "1-0"]
[WhiteElo "1601"]
[BlackElo "1419"]
[PlyCount "93"]
[EventDate "2016.08.22"]
[EventType "swiss"]
[EventRounds "7"]
[EventCountry "NOR"]
[SourceTitle "EXT 2024"]
[Source "ChessBase"]
[SourceDate "2023.10.10"]
[SourceVersion "1"]
[SourceVersionDate "2023.10.10"]
[SourceQuality "1"]

1. e4 c5 2. Nc3 Nc6 3. f4 d6 4. Nf3 Nf6 5. Bb5 Bd7 6. 0-0 e5 7. d3 Nd4 8. Bxd7+ Nxd7 9. Be3 Nxf3+ 10. Rxf3 Nb6 11. a4 Be7 12. a5 Nd7 13. Nd5 Nf6 14. c4 Nxd5 15. cxd5 exf4 16. Bxf4 Bf6 17. Qa4+ Qd7 18. Qxd7+ Kxd7 19. Rb1 Bd4+ 20. Kf1 f6 21. Ke2 b5 22. b4 a6 23. Be3 Bxe3 24. Kxe3 Rac8 25. g4 cxb4 26. Rxb4 Rc2 27. g5 Ke7 28. gxf6+ gxf6 29. Rb1 Rg8 30. Rh3 Rg7 31. Rf1 Rc3 32. Rh6 Rf7 33. Kd2 Rc5 34. d4 Rc8 35. e5 dxe5 36. dxe5 fxe5 37. Rxf7+ Kxf7 38. Rxa6 Rc5 39. Ra7+ Ke8 40. Ra8+ Kd7 41. a6 Rxd5+ 42. Ke3 b4 43. a7 Ra5 44. Rh8 Kc6 45. a8Q+ Rxa8 46. Rxa8 Kc5 47. Ke4 1-0

[Event "Oslo Kampen Autumn op"]
[Site "Oslo"]
[Date "2016.10.17"]
[Round "4"]
[White "Jorgensen, Asle"]
[Black "Simonsen, Helge"]
[Result "1-0"]
[WhiteElo "1419"]
[BlackElo "1496"]
[PlyCount "63"]
[EventDate "2016.08.22"]
[EventType "swiss"]
[EventRounds "7"]
[EventCountry "NOR"]
[SourceTitle "EXT 2024"]
[Source "ChessBase"]
[SourceDate "2023.10.10"]
[SourceVersion "1"]
[SourceVersionDate "2023.10.10"]
[SourceQuality "1"]

1. d4 Nf6 2. Nf3 e6 3. c4 c5 4. e3 d5 5. Nc3 Nc6 6. Be2 dxc4 7. Bxc4 a6 8. a4 Be7 9. 0-0 0-0 10. dxc5 Qa5 11. Bd2 Qxc5 12. Qe2 e5 13. e4 Bg4 14. Be3 Nd4 15. Bxd4 exd4 16. Nd5 Nxd5 17. Bxd5 Qb4 18. h3 Bxf3 19. gxf3 Qd6 20. Rfd1 Qe5 21. Qd2 Qh5 22. Qxd4 Bf6 23. Qe3 Qxh3 24. f4 Qxe3 25. fxe3 Bxb2 26. Rab1 Bc3 27. Rxb7 Rac8 28. e5 a5 29. e6 fxe6 30. Bxe6+ Kh8 31. Bxc8 Rxc8 32. Rc1 1-0

[Event "Oslo Kampen Club-ch"]
[Site "Oslo"]
[Date "2016.05.02"]
[Round "8"]
[White "Solstad, Geir"]
[Black "Jorgensen, Asle"]
[Result "0-1"]
[WhiteElo "1267"]
[BlackElo "1385"]
[PlyCount "66"]
[EventDate "2016.03.14"]
[EventType "swiss"]
[EventRounds "9"]
[EventCountry "NOR"]
[SourceTitle "EXT 2023"]
[Source "ChessBase"]
[SourceDate "2022.10.05"]
[SourceVersion "1"]
[SourceVersionDate "2022.10.05"]
[SourceQuality "1"]

1. e4 d5 2. exd5 Nf6 3. c4 e6 4. dxe6 Bxe6 5. Nf3 Bb4 6. a3 Ba5 7. b4 Bb6 8. c5 Qe7 9. cxb6 cxb6 10. Be2 Nc6 11. 0-0 0-0-0 12. Qc2 Kb8 13. Re1 Rc8 14. Nc3 Qd7 15. Bb2 Rhg8 16. Qa4 a6 17. b5 Na5 18. bxa6 Qd8 19. Qf4+ Ka8 20. axb7+ Kxb7 21. Nb5 Rc2 22. Bxf6 gxf6 23. Qe4+ Rc6 24. Nfd4 Bd5 25. Nxc6 Bxc6 26. Qf4 Bxg2 27. f3 Bh3+ 28. Kf2 Nc6 29. Bf1 Be6 30. Rac1 Ne5 31. Rc7+ Kb8 32. Qa4 Qxd2+ 33. Be2 Nd3+ 0-1

[Event "Oslo Kampen Club-ch"]
[Site "Oslo"]
[Date "2016.03.25"]
[Round "2"]
[White "Jorgensen, Asle"]
[Black "Hageland, Harald"]
[Result "1-0"]
[WhiteElo "1385"]
[BlackElo "1306"]
[PlyCount "81"]
[EventDate "2016.03.14"]
[EventType "swiss"]
[EventRounds "9"]
[EventCountry "NOR"]
[SourceTitle "EXT 2023"]
[Source "ChessBase"]
[SourceDate "2022.10.05"]
[SourceVersion "1"]
[SourceVersionDate "2022.10.05"]
[SourceQuality "1"]

1. d4 d5 2. c4 Nf6 3. Nf3 e6 4. Nc3 Be7 5. Bf4 c6 6. e3 0-0 7. Bd3 Bd6 8. Ne5 Qc7 9. c5 Bxe5 10. Bxe5 Qd8 11. Qc2 Nbd7 12. Bd6 Re8 13. f4 Nf8 14. Bxf8 Rxf8 15. h3 g6 16. g4 Ne8 17. h4 e5 18. fxe5 Bxg4 19. Be2 Bxe2 20. Qxe2 h5 21. 0-0-0 Ng7 22. e4 Qd7 23. exd5 cxd5 24. Qf3 Rad8 25. Rhg1 Qf5 26. Qg2 Qe6 27. Ne2 Kh7 28. Nf4 Qe8 29. Nxd5 Rxd5 30. Qxd5 Qc6 31. Qxc6 bxc6 32. d5 cxd5 33. Rxd5 Nf5 34. Rh1 Rc8 35. b4 a5 36. a3 axb4 37. axb4 Rb8 38. c6 Rxb4 39. Rc5 Rb8 40. c7 Rc8 41. Rd1 1-0

[Event "Oslo Kampen Club-ch"]
[Site "Oslo"]
[Date "2016.03.14"]
[Round "3"]
[White "Hem, Geir"]
[Black "Jorgensen, Asle"]
[Result "1/2-1/2"]
[WhiteElo "1310"]
[BlackElo "1385"]
[PlyCount "74"]
[EventDate "2016.03.14"]
[EventType "swiss"]
[EventRounds "9"]
[EventCountry "NOR"]
[SourceTitle "EXT 2023"]
[Source "ChessBase"]
[SourceDate "2022.10.05"]
[SourceVersion "1"]
[SourceVersionDate "2022.10.05"]
[SourceQuality "1"]

1. d4 d5 2. Bf4 Nf6 3. e3 c6 4. Nf3 h6 5. Bd3 e6 6. Nbd2 Be7 7. h3 0-0 8. c3 c5 9. 0-0 Nc6 10. Re1 Bd6 11. dxc5 Bxc5 12. Nb3 Bd6 13. Bxd6 Qxd6 14. Qc2 Ne5 15. Nxe5 Qxe5 16. Rad1 b6 17. e4 dxe4 18. Bxe4 Nxe4 19. Qxe4 Qxe4 20. Rxe4 Bb7 21. Red4 Rfc8 22. Nc1 Bd5 23. a3 Kf8 24. Ne2 Ke8 25. Nf4 Bb3 26. Re1 Rd8 27. Rb4 Bd5 28. Rd4 Bb3 29. Rb4 Bd5 30. Nh5 g6 31. Nf6+ Ke7 32. Ng4 h5 33. Ne3 Rac8 34. Rd1 Bb7 35. Rbd4 Rxd4 36. Rxd4 Rd8 37. Rxd8 Kxd8 1/2-1/2

[Event "Oslo Kampen Club-ch"]
[Site "Oslo"]
[Date "2015.10.06"]
[Round "3"]
[White "Jorgensen, Asle"]
[Black "Pedersen, Ole Petter"]
[Result "1/2-1/2"]
[WhiteElo "1733"]
[BlackElo "1637"]
[PlyCount "45"]
[EventDate "2015.10.24"]
[EventType "swiss"]
[EventRounds "7"]
[EventCountry "NOR"]
[SourceTitle "EXT 2023"]
[Source "ChessBase"]
[SourceDate "2022.10.05"]
[SourceVersion "1"]
[SourceVersionDate "2022.10.05"]
[SourceQuality "1"]

1. d4 e6 2. Nf3 Nf6 3. c4 Bb4+ 4. Bd2 Qe7 5. a3 Bxd2+ 6. Nbxd2 d5 7. e3 Nbd7 8. cxd5 exd5 9. Bd3 Ne4 10. Qc2 Ndf6 11. Rc1 c6 12. Ne5 Nxd2 13. Qxd2 Ng4 14. Nxg4 Bxg4 15. 0-0 0-0 16. Qc2 h6 17. h3 Be6 18. Rfe1 Qd7 19. Rcd1 g6 20. Bxg6 fxg6 21. Qxg6+ Kh8 22. Qxh6+ Kg8 23. Qg6+ 1/2-1/2

[Event "Oslo Spring"]
[Site "Oslo"]
[Date "2015.01.05"]
[Round "1"]
[White "Jorgensen, Asle"]
[Black "Hansen, Stein Sjuls"]
[Result "1-0"]
[WhiteElo "1434"]
[BlackElo "846"]
[PlyCount "69"]
[EventDate "2015.01.05"]
[EventType "swiss"]
[EventRounds "11"]
[EventCountry "NOR"]
[SourceTitle "EXT 2024"]
[Source "ChessBase"]
[SourceDate "2023.10.10"]
[SourceVersion "1"]
[SourceVersionDate "2023.10.10"]
[SourceQuality "1"]

1. d4 d5 2. c4 e5 3. dxe5 d4 4. Nf3 Nc6 5. Bf4 Bb4+ 6. Nbd2 Nge7 7. a3 Bxd2+ 8. Qxd2 Be6 9. e3 dxe3 10. Qxe3 Nf5 11. Qc3 0-0 12. Rd1 Qe8 13. Be2 h6 14. g4 Nfe7 15. g5 Ng6 16. Bg3 Nce7 17. gxh6 gxh6 18. Qc1 Nf5 19. Nd4 Kg7 20. Rg1 Nfe7 21. Bf4 Ng8 22. h4 Kh7 23. Bd3 Rd8 24. h5 Rxd4 25. hxg6+ Kg7 26. gxf7+ Kxf7 27. Bg6+ Ke7 28. Bxe8 Rxd1+ 29. Kxd1 Rxe8 30. Bxh6 Rd8+ 31. Ke1 Rd7 32. Qf4 Nxh6 33. Qxh6 Bf7 34. Qf6+ Kf8 35. Rh1 1-0